Normal view
MARC view
- Peacekeeping forces
Entry Topical Term
001 - CONTROL NUMBER
- control field: 129513
003 - CONTROL NUMBER IDENTIFIER
- control field: NUST
005 - DATE AND TIME OF LATEST TRANSACTION
- control field: 20250709130636.0
008 - FIXED-LENGTH DATA ELEMENTS
- fixed length control field: 250709|| aca||aabn | a|a d
040 ## - CATALOGING SOURCE
- Original cataloging agency: NUST
- Transcribing agency: NUST
150 ## - HEADING--TOPICAL TERM
- Topical term or geographic name entry element: Peacekeeping forces
- Geographic subdivision: South Sudan
670 ## - SOURCE DATA FOUND
- Source citation: Work cat.: (NUST)0: Millar, Mark, 1979- author. 129510, The peacekeeping failure in South Sudan :
